| 000 | 00526nam a2200181 i 4500 | ||
|---|---|---|---|
| 001 | 116180 | ||
| 003 | ES-MaACL | ||
| 005 | 20250824040601.0 | ||
| 007 | t| | ||
| 008 | 061121s1912 fr r ||||1| fre d | ||
| 100 | 1 |
_aPatouillet, J. _989584 |
|
| 245 | 1 | 3 |
_aLe theatre de moeurs russes _b: des origines a Ostrovski (1672-1750) / _cJ. Patouillet. |
| 260 |
_aParis : _bAbbeville, _c1912. |
||
| 300 |
_a154 p. ; _c25 x 16 cm. |
||
| 650 | 0 | 7 |
_aTeatro ruso _2embne _917388 |
| 852 |
_aES-MaACL _jF-9914 |
||
| 999 |
_c116180 _d116180 |
||